| 000 | 00509nam a2200169Ia 4500 | ||
|---|---|---|---|
| 008 | 090201s9999 xx 000 0 und d | ||
| 010 | _aKPL-61502 | ||
| 040 | _bमराठी | ||
| 041 | _aमराठी | ||
| 082 |
_a37953 _b61502 |
||
| 100 | _aरमेश पटवर्धन | ||
| 245 |
_aघरवापसी _cरमेश पटवर्धन |
||
| 260 |
_c2004 _bसमाधी प्रकाशन |
||
| 300 |
_a140 _bमोठा |
||
| 600 | _aघरवापसी | ||
| 942 | _cBOOK | ||
| 999 |
_c235565 _d235565 |
||